El consentimiento informado en el m̀bito sanitario Responsabilidad civil y derechos constitucionales /

Detalles Bibliográficos
Autor principal: Ortiz Fernǹdez, Manuel
Formato: eBook
Lenguaje:español
Publicado: Madrid: Dykinson, 2021
Materias:
Acceso en línea:Acceso restringido

MARC

LEADER 00000nam a22000007a 4500
005 20210803231451.0
007 cr|||| ||||
008 210803s2021 es |||||s|||| 00||0 spa d
020 |a 9788413772943 
035 |a 33515 
040 |a vLex 
090 |c 11886  |d 11886 
100 1 |a Ortiz Fernǹdez, Manuel 
245 1 2 |a El consentimiento informado en el m̀bito sanitario  |h [Recurso electrn̤ico] :  |b Responsabilidad civil y derechos constitucionales /  |c Manuel Ortiz Fernǹdez 
256 |a Servicio en ln̕ea 
260 |a Madrid:  |b Dykinson,  |c 2021 
300 |a 1 recurso electrn̤ico 
500 |a La relacin̤ mďico-paciente se ha visto modificada y actualizada por el surgimiento de los derechos de los pacientes. En este sentido, el modelo paternalista cls̀ico sufri ̤una profunda revisin̤ y, en la actualidad, nos encontramos ante la etapa de decisiones compartida, en la que se han incorporado distintos derechos al estatuto de los pacientes. En este marco, el consentimiento informado aparece como una de sus manifestaciones ms̀ relevantes, pues se concreta en el reconocimiento del derecho de todo paciente a decidir en el m̀bito de su salud. El mismo, se encuentra formado por dos facultades que, no obstante, estǹ n̕timamente ligadas. De un lado, la informacin̤ se centra en la posibilidad de recibir todos aquellos datos que sean relevantes para la intervencin̤ que se vaya a llevar a cabo. De otro lado, el consentimiento supone el ejercicio del derecho de autodeterminacin̤, ya que se identifica con el derecho a decidir, una vez ha recibido la correspondiente informacin̤, sobre las opciones cln̕icas posibles. Adems̀, el Tribunal Constitucional tuvo ocasin̤ de destacar en el aǫ 2011 que el consentimiento informado se encuentra ligado al derecho fundamental a la integridad fs̕ica y moral (art. 15 CE). De esta suerte, una conculcacin̤ del primero puede conllevar, a su vez, la del segundo. Por todo lo anterior, el presente trabajo plantea la necesidad de que la responsabilidad civil derivada de la vulneracin̤ del consentimiento informado sea repensada. A este respecto, resulta fundamental que se diferencie entre dos clases de lex artis, a saber, la lex artis tradicional y la nova lex artis vinculada al consentimiento informado. 
506 1 |a Disponible solo en los productos indicados  |d vLex Global  |d vLex Global (Academic Edition, excluding Law Schools)  |d vLex Global (U.S. Academic Edition, Law Schools)  |d vLex Global (U.S. Academic Edition, excluding Law Schools)  |d vLex Global (Academic Edition, Law Schools) 
650 0 4 |a Derecho Civil  |z Espaą 
650 0 4 |a Derecho Pb︢lico y Administrativo  |z Espaą 
650 0 4 |a Derecho Constitucional  |z Espaą 
740 0 |a vLex Libros (Servicio en ln̕ea) 
856 4 0 |u https://app.vlex.com/#/sources/33515  |z Acceso restringido 
942 |c BOOK 
999 0 |a Civil Law 
999 0 |a Public and Administrative Law 
999 0 |a Constitutional Law